Το ολοκαύτωμα και η ευρωπαϊκή ιστορική συνείδηση

Αποθηκεύτηκε σε:
Λεπτομέρειες βιβλιογραφικής εγγραφής
Κύριος συγγραφέας: Κόκκινος, Γιώργος, 1960-
Μορφή: Βιβλίο
Γλώσσα:Greek
Δημοσίευση: Αθήνα : Παπαζήσης, c2020.
Σειρά:Διεθνής και ευρωπαϊκή πολιτική
Θέματα:
Ετικέτες: Προσθήκη ετικέτας
Δεν υπάρχουν, Καταχωρήστε ετικέτα πρώτοι!

MARC

LEADER 00000cam a2200000 a 4500
001 1/122576
008 210127s2020####gr |||||||||||||| ||gre||
020 |a 9789600236637 
040 |a GR-MyUa  |b gre  |c GR-MyUa  |e AACR2 
041 0 |a gre 
082 7 |a 940.5318   |2 (23) 
100 1 |a Κόκκινος, Γιώργος,   |d 1960- 
245 1 3 |a Το ολοκαύτωμα και η ευρωπαϊκή ιστορική συνείδηση /   |c Γιώργος Κόκκινος.  
260 |a Αθήνα :   |b Παπαζήσης,   |c c2020.  
300 |a 348 σ. ;   |c 21 εκ.  
490 1 |a (Διεθνής και ευρωπαϊκή πολιτική)  
650 0 |a Holocaust, Jewish (1939-1945) 
830 0 |a Διεθνής και ευρωπαϊκή πολιτική 
852 |a INST  |b LESVOS  |c EUDOXUS  |e 20210127  |h 940.5318 ΚΟΚ  |p 005100062084  |q 005100062084  |t EDX  |y 0 
920 |a Εύδοξος  |b Παραγγελία   |y Λέσβος-ΤΚΑΙ  |z 2021-01 
970 |a Καμάτσου  |b Δέσποινα  |z 27-01-2021